000 00670nam a2200205 4500
001 128126
003 ES-MaACL
005 20250828063252.0
007 t|
008 070214s1956 sp r ||||1| spa d
100 1 _aRobbe-Grillet, Alain,
_d1922-2008
_997786
245 1 3 _aLa doble muerte del profesor Dupont /
_cAlain Robbe-Grillet ; traducción de Jorge Petit Fontseré.
260 _aBarcelona :
_bSeix Barral,
_c1956.
300 _a296 p. ;
_c18 cm.
490 1 _aBiblioteca breve
700 1 _aPetit Fontserè, Jordi.
_991517
830 0 _aBiblioteca breve (Seix Barral)
_9227188
852 _aES-MaACL
_jC-13475
_bR.40204
999 _c128126
_d128126